| 000 | 00385cam a2200157ua 4500 | ||
|---|---|---|---|
| 041 |
_aeng _h |
||
| 082 |
_a551 _bMUK/TE |
||
| 100 | _aMukherjee, P K . | ||
| 245 |
_aText book of geology / _cP K Mukherjee. _hTextual Documents |
||
| 260 |
_aCulcutta : _bWorld press pvt ltd , _c1995. |
||
| 300 | _a548 ; . | ||
| 504 | _a | ||
| 942 | _cBK | ||
| 999 |
_c7164 _d7164 |
||